000 01238nam a22001937a 4500
005 20120215161812.0
020 _a9788186895917
_c75.00
082 _a
100 _aलिंडग्रन, ऐस्ट्रिड
_942953
245 _aपिप्ली लंबेमोज़े /
_cऐस्ट्रिड लिंडग्रन;इनग्रिड न्यीमन द्वारा चित्रांकित;संध्या राव एवं मेटा औट्टोस्सौन द्वारा अनुदित
260 _bतूलिका पब्लिशिंग
_aचैन्नई
_c2011
270 _a13 पृथ्वी ऐवन्यु, फ्स्ट ऐवेन्यु, अभिरमपुरम
_bचैन्नई
_e600018
300 _a102पृ
_c21सेमी (अजिल्द)
700 _942026
_aइनग्रिड न्यीमन
700 _942095
_aराव, संध्या
700 _942167
_aमेटा औट्टोस्सौन
942 _2ddc
_cCH
_h
_mलिंडग्र
999 _c62904
_d62904